00708nam a2200205 a 450000100060000000300090000600800410001502000150005604000280007108200230009910000200012224500180014226000240016030000110018450000430019550501990023865000300043765000130046765000220048014792CO-ViMGA141112s2004 ck r 000 u spa d a9589012027 aCO-ViMGAbspacCO-ViMGA04aFr325.309861 M651s1 aMolano, Alfredo10aSelva adentro aBtá Retína.1987 a141.p. aEn : Selva adentro; Fr 325.309861 M651 aLa colonización rapaz : el Guaviare y el Vaupes - (1920 - 1950)La colonización armada : el Guayabero La colonización campesina : el Guaviare y el Ariari De Calamar a Pto Nuevo Puerto Nuevo14aCOLONIZACION DEL GUAVIARE14aGUAVIARE14aMIGRACION INTERNA